| 000 | 00510nam a2200169Ia 4500 | ||
|---|---|---|---|
| 999 |
_c23275 _d23275 |
||
| 003 | OSt | ||
| 005 | 20200320111050.0 | ||
| 008 | 190216s9999||||xx |||||||||||||| ||und|| | ||
| 020 | _a9788182716599 | ||
| 040 | _coclc | ||
| 082 |
_a330.088297 _bMOU/D |
||
| 100 |
_aMoudoodi, Abul Ala _91860 |
||
| 245 | 0 |
_aDhana Thathwashastra Chinthakal / _cAbul Ala Moudoodi |
|
| 260 |
_bI P H Kozhikode, _c2014. _aKozhikode: |
||
| 300 | _a220p | ||
| 942 |
_cBK _2ddc _h330.088297 _iMOU/D _k330.088297 _mMOU/D |
||